000 00326nam a22001457a 4500
008 211012b ||||| |||| 00| 0 eng d
020 _a9780883369036
041 _aeng
080 _a371
082 _a371
100 _a46
101 _aEDU
245 _aLaubach way to Reading Skill Book 3
_cLaubach,F.C
942 _2udc
_cBK
999 _c58175
_d58175